[Event "Mecklenburg VP LL 1617"]
[Site "Mecklenburg VP"]
[Date "2016.11.20"]
[Round "3.8"]
[White "Kross, Gunnar"]
[Black "Suckow, Ingo"]
[Result "1-0"]
[WhiteElo "1979"]
[BlackElo "1748"]
[PlyCount "65"]
[EventDate "2016.10.16"]
[EventType "team-tourn"]
[EventRounds "9"]
[EventCountry "GER"]
[SourceTitle "EXT 2022"]
[Source "ChessBase"]
[SourceDate "2021.10.06"]
[SourceVersion "1"]
[SourceVersionDate "2021.10.06"]
[SourceQuality "1"]
[WhiteTeam "Schwerin SF II"]
[BlackTeam "Neubrandenburg SG Eintracht"]
[WhiteTeamCountry "GER"]
[BlackTeamCountry "GER"]

1. d4 d6 2. Nf3 Nf6 3. c4 g6 4. Nc3 Bg7 5. e4 0-0 6. Be2 Bg4 7. h3 Bxf3 8. Bxf3 Nc6 9. 0-0 e5 10. d5 Nd4 11. Be3 Nxf3+ 12. Qxf3 Nd7 13. Rac1 f5 14. b4 a5 15. a3 axb4 16. axb4 Ra3 17. Qd1 f4 18. Bd2 f3 19. g3 h5 20. Nb5 Ra8 21. c5 dxc5 22. bxc5 Nf6 23. Qxf3 Qd7 24. Rb1 Kh7 25. Qg2 Ra4 26. f3 Rfa8 27. Nc3 R4a7 28. Kh2 Bf8 29. Be3 Ra3 30. Rfc1 Qd8 31. Rxb7 Nd7 32. d6 cxd6 33. c6 1-0